[Event "Bergens SK Høstturnering 2023"]
[Site "Bergens Schakklub"]
[Date "2023.09.05"]
[Round "1"]
[White "Sviland, Atle"]
[Black "Engelsen, Teodor Tenfjord"]
[Result "1-0"]
[WhiteElo "1711"]
[BlackElo "1885"]
[PlyCount "59"]
[EventDate "2023.??.??"]

1. Nf3 c5 2. g3 Nc6 3. d3 g6 4. c4 Bg7 5. Bg2 e5 6. Nc3 d6 7. Bg5 Nge7 8. Nd5
h6 9. Bf6 O-O 10. Nd2 Bxf6 11. Nxf6+ Kg7 12. Nd5 Be6 13. e4 Nd4 14. O-O Bxd5
15. cxd5 g5 16. Nc4 Ng6 17. Ne3 Qd7 18. Qh5 b5 19. Bh3 Qe7 20. Rae1 f6 21. Be6
Qe8 22. f4 exf4 23. Nf5+ Nxf5 24. exf5 Ne5 25. Qd1 fxg3 26. hxg3 Qd8 27. Kg2
Qb6 28. Rh1 a5 29. Qh5 Rh8 30. Rxe5
1-0

[Event "Bergens SK Høstturnering 2023"]
[Site "Bergens Schakklub"]
[Date "2023.09.05"]
[Round "1"]
[White "Larsen, Stig Børje"]
[Black "Mongstad, Dag"]
[Result "1-0"]
[WhiteElo "1688"]
[BlackElo "1495"]
[PlyCount "97"]
[EventDate "2023.??.??"]

1. d4 d5 2. Nc3 Nf6 3. Bf4 a6 4. e3 Bf5 5. Nf3 e6 6. Bd3 Bg6 7. Ne5 c5 8. Qd2
Nh5 9. Bg3 Nxg3 10. hxg3 Bxd3 11. Qxd3 c4 12. Qe2 Nc6 13. a3 Qb6 14. O-O-O Nxe5
15. dxe5 O-O-O 16. Rh4 Kb8 17. Qf3 Be7 18. Rg4 f5 19. Rxg7 Rde8 20. Qh5 h6 21.
Rg6 Bg5 22. Nxd5 Qc6 23. f4 Bd8 24. Nf6 Bxf6 25. Rxf6 Qxg2 26. Rxh6 Rxh6 27.
Qxe8+ Ka7 28. Qf8 Rh1 29. Qc5+ Kb8 30. Qxc4 Rxd1+ 31. Kxd1 Qxg3 32. Qd3 Qf3+
33. Kd2 Qg2+ 34. Kc3 Qc6+ 35. Kb3 Ka8 36. Qd4 Qb5+ 37. Ka2 Qe2 38. Qc5 Qd2 39.
c4 Qe2 40. Qd4 Qc2 41. c5 Qc1 42. Qc3 Qh1 43. Qd3 Qc1 44. b4 Ka7 45. Kb3 Qh1
46. a4 Qf3 47. b5 axb5 48. axb5 Qh1 49. b6+
1-0

[Event "Bergens SK Høstturnering 2023"]
[Site "Bergens Schakklub"]
[Date "2023.09.05"]
[Round "1"]
[White "Fossheim, Yngve Götestam"]
[Black "Texe, Eirik"]
[Result "1-0"]
[WhiteElo "2018"]
[BlackElo "1562"]
[PlyCount "65"]
[EventDate "2023.??.??"]

1. d4 Nf6 2. c4 e6 3. Nf3 d5 4. g3 dxc4 5. Bg2 Nc6 6. Qa4 Bb4+ 7. Bd2 Bd6 8.
O-O O-O 9. Qxc4 Rb8 10. Nc3 a6 11. e4 e5 12. dxe5 Nxe5 13. Nxe5 Bxe5 14. Rad1
Bg4 15. f3 Be6 16. Qe2 Qe7 17. Be3 Rfd8 18. f4 Bg4 19. Rxd8+ Rxd8 20. Qc2 Bxc3
21. bxc3 Bf5 22. Bd4 Bxe4 23. Re1 Bxc2 24. Rxe7 Ne8 25. Bxb7 Nd6 26. Bd5 Bg6
27. Be5 Nf5 28. Rxc7 Rb8 29. Bb3 h5 30. Rc6 Ne7 31. Rxg6 Nxg6 32. Bxb8 h4 33.
Bd6
1-0

[Event "Bergens SK Høstturnering 2023"]
[Site "Bergens Schakklub"]
[Date "2023.09.05"]
[Round "1"]
[White "Christoffersen, Odd"]
[Black "Bjarnason, Snorri Vikanes"]
[Result "0-1"]
[WhiteElo "1505"]
[BlackElo "1739"]
[PlyCount "64"]
[EventDate "2023.??.??"]

1. e4 c5 2. Nf3 g6 3. Nc3 Bg7 4. g3 e5 5. Nd5 Ne7 6. Nxe7 Qxe7 7. Bg2 O-O 8.
O-O b5 9. Qe2 Bb7 10. Rd1 d6 11. d3 Nc6 12. c3 h6 13. Ne1 Rae8 14. Nc2 a5 15.
Ne3 Nd8 16. c4 b4 17. Nd5 Bxd5 18. exd5 f5 19. f4 Nf7 20. Re1 Qd8 21. Qc2 exf4
22. Bxf4 Bd4+ 23. Kh1 Qf6 24. Rxe8 Rxe8 25. Rf1 Bxb2 26. Qa4 Re2 27. Bf3 Re7
28. Qxa5 g5 29. Bd2 Qd4 30. Bh5 Qxd3 31. Bxf7+ Kxf7 32. Rf2 Bd4
0-1

[Event "Bergens SK Høstturnering 2023"]
[Site "Bergens Schakklub"]
[Date "2023.09.05"]
[Round "1"]
[White "Helgøy, Håkon Hembre"]
[Black "Djalal, Boris"]
[Result "0-1"]
[WhiteElo "1620"]
[BlackElo "2203"]
[PlyCount "64"]
[EventDate "2023.??.??"]

1. e4 c5 2. d4 cxd4 3. c3 dxc3 4. Nxc3 Nc6 5. Nf3 e6 6. Bc4 a6 7. O-O Nge7 8.
Bg5 b5 9. Bxb5 axb5 10. Nxb5 d5 11. exd5 Ba6 12. dxc6 Bxb5 13. Qxd8+ Rxd8 14.
Bxe7 Bxe7 15. Rfc1 Rd5 16. a4 Ba6 17. b4 Bxb4 18. Rab1 Bd6 19. Rb6 Bc8 20. Rb5
Kf8 21. Ng5 Ke7 22. Ne4 Rd8 23. g3 Bc7 24. Nc3 Rd3 25. Rbb1 Ba5 26. Nd1 Ba6 27.
Ne3 R3d4 28. c7 Rc8 29. Rc6 Be2 30. Rb8 Rxc7 31. Ra6 Bxa6 32. Ra8 Rc1+
0-1

[Event "Bergens SK Høstturnering 2023"]
[Site "Bergens Schakklub"]
[Date "2023.09.05"]
[Round "1"]
[White "Dyrhovden, Sigve"]
[Black "Flaten, Siver"]
[Result "0-1"]
[WhiteElo "1709"]
[BlackElo "1502"]
[PlyCount "132"]
[EventDate "2023.??.??"]

1. d4 Nf6 2. c4 g6 3. g3 Bg7 4. Bg2 O-O 5. Nf3 c5 6. d5 b5 7. O-O d6 8. cxb5 a6
9. bxa6 Bxa6 10. Nc3 Nbd7 11. Qc2 Rb8 12. Rd1 Ng4 13. h3 Nge5 14. Nd2 Nb6 15.
f4 Nec4 16. Nxc4 Nxc4 17. e3 Qa5 18. Bf1 Nxb2 19. Bxb2 Rxb2 20. Qxb2 Bxc3 21.
Qb3 Bxa1 22. Rxa1 Bxf1 23. Kxf1 Rc8 24. Ke2 c4 25. Qb7 Rc7 26. Qb8+ Kg7 27. e4
c3 28. Qb3 Qc5 29. Rc1 Qd4 30. Qc2 Rb7 31. Qxc3 Rb2+ 32. Kf3 Rf2+ 33. Kg4 h5+
34. Kh4 Qxc3 35. Rxc3 f6 36. Rc7 Kh6 37. g4 Rxf4 38. Rxe7 hxg4 39. hxg4 Rf3 40.
g5+ fxg5+ 41. Kg4 Ra3 42. Re6 Ra6 43. a3 Ra4 44. Kf3 Rxa3+ 45. Kf2 Ra6 46. e5
Ra2+ 47. Ke3 Ra3+ 48. Kf2 dxe5 49. Rxe5 Ra5 50. Kg3 Kh5 51. Re8 Ra3+ 52. Kg2
Rd3 53. Rd8 Kg4 54. d6 Rd2+ 55. Kf1 Kf3 56. Ke1 Rd5 57. d7 Kg3 58. Kf1 g4 59.
Ke2 Kg2 60. Ke3 g3 61. Ke2 Kg1 62. Rg8 Rxd7 63. Rxg6 g2 64. Rh6 Re7+ 65. Kf3
Kf1 66. Ra6 g1=Q
0-1

[Event "Bergens SK Høstturnering 2023"]
[Site "Bergens Schakklub"]
[Date "2023.09.12"]
[Round "2"]
[White "Engelsen, Teodor Tenfjord"]
[Black "Dyrhovden, Sigve"]
[Result "1-0"]
[WhiteElo "1885"]
[BlackElo "1709"]
[PlyCount "129"]
[EventDate "2023.??.??"]

1. Nf3 Nf6 2. g3 d5 3. Bg2 c5 4. O-O Nc6 5. d4 cxd4 6. Nxd4 e5 7. Nxc6 bxc6 8.
c4 Be7 9. Nc3 Be6 10. Bg5 Rb8 11. Bxf6 Bxf6 12. cxd5 cxd5 13. Bxd5 Bxd5 14.
Nxd5 O-O 15. b3 e4 16. Nxf6+ Qxf6 17. Qd2 Rfd8 18. Qe3 Qd4 19. Qxd4 Rxd4 20.
Rfd1 Rdd8 21. Rac1 g6 22. e3 Rxd1+ 23. Rxd1 Rb7 24. f3 exf3 25. Kf2 Rc7 26. Rd2
Kg7 27. Kxf3 h5 28. h4 Kf6 29. Rd6+ Ke7 30. Ra6 Rd7 31. Ra4 Ke6 32. g4 hxg4+
33. Kxg4 Ke5 34. Kf3 Rc7 35. Ra5+ Ke6 36. h5 gxh5 37. Rxh5 Rd7 38. Ra5 Rc7 39.
Kf4 Rb7 40. Ke4 Rc7 41. Ra6+ Ke7 42. Kd5 Kd7 43. Ra5 Rb7 44. Ra6 Rc7 45. b4 Rb7
46. a3 Rb5+ 47. Kc4 Rb7 48. b5 Ke7 49. a4 Kd7 50. Kd5 Rc7 51. Rc6 Rb7 52. Kc5
Rb8 53. e4 Rb7 54. e5 Rb8 55. Rd6+ Ke7 56. Kc6 Rc8+ 57. Kb7 Rc4 58. Ra6 Re4 59.
Rxa7 Rxe5 60. b6 f5 61. Ka8+ Kf6 62. b7 Re8+ 63. b8=Q Rxb8+ 64. Kxb8 f4 65. Rb7
1-0

[Event "Bergens SK Høstturnering 2023"]
[Site "Bergens Schakklub"]
[Date "2023.09.12"]
[Round "2"]
[White "Bjarnason, Snorri Vikanes"]
[Black "Larsen, Stig Børje"]
[Result "1-0"]
[WhiteElo "1739"]
[BlackElo "1688"]
[PlyCount "67"]
[EventDate "2023.??.??"]

1. Nf3 g6 2. g3 Bg7 3. Bg2 d5 4. O-O c5 5. d4 Nf6 6. dxc5 Nc6 7. a3 a5 8. Nc3
O-O 9. Na4 Bf5 10. Bf4 Ne4 11. Nb6 Ra6 12. Nxd5 Nxc5 13. c3 a4 14. Nb4 Nxb4 15.
axb4 Nb3 16. Qxd8 Rxd8 17. Rad1 Raa8 18. Ne5 Bc2 19. Rxd8+ Rxd8 20. Nc4 Bd1 21.
Bf3 a3 22. bxa3 e5 23. Bxe5 Nd2 24. Nxd2 Rxd2 25. Bf4 Rd7 26. c4 Bb2 27. Bd5
Bxe2 28. Re1 Bg4 29. Bh6 Be6 30. Rxe6 fxe6 31. Bxe6+ Rf7 32. a4 Ba3 33. b5 b6
34. Be3
1-0

[Event "Bergens SK Høstturnering 2023"]
[Site "Bergens Schakklub"]
[Date "2023.09.12"]
[Round "2"]
[White "Flaten, Siver"]
[Black "Fossheim, Yngve Götestam"]
[Result "0-1"]
[WhiteElo "1502"]
[BlackElo "2018"]
[PlyCount "50"]
[EventDate "2023.??.??"]

1. e4 c5 2. Nf3 g6 3. d4 cxd4 4. Nxd4 Nc6 5. c4 Nf6 6. Nc3 d6 7. f3 Nxd4 8.
Qxd4 Bg7 9. Be3 O-O 10. Qd2 Be6 11. O-O-O Rc8 12. b3 a6 13. Bh6 Bxh6 14. Qxh6
b5 15. Nd5 Bxd5 16. exd5 a5 17. g4 a4 18. h4 axb3 19. axb3 Qa5 20. Kb2 bxc4 21.
Bxc4 Rxc4 22. bxc4 Rb8+ 23. Kc2 Qa2+ 24. Kd3 Rb3+ 25. Kd4 Qb2#
0-1

[Event "Bergens SK Høstturnering 2023"]
[Site "Bergens Schakklub"]
[Date "2023.09.12"]
[Round "2"]
[White "Krbacevic, Mateja"]
[Black "Christoffersen, Odd"]
[Result "0-1"]
[WhiteElo "1577"]
[BlackElo "1505"]
[PlyCount "96"]
[EventDate "2023.??.??"]

1. e4 e5 2. Nf3 Nf6 3. Nc3 Bb4 4. Bc4 Nc6 5. d3 d5 6. exd5 Bxc3+ 7. bxc3 Nxd5
8. Bxd5 Qxd5 9. c4 Qe6 10. Qe2 O-O 11. O-O Re8 12. Re1 Bd7 13. Bb2 f6 14. Rab1
Rad8 15. Bc3 b6 16. Rbd1 Qf7 17. Nd2 Qg6 18. Qe4 Nb8 19. Qxg6 hxg6 20. Re3 c5
21. Nf1 Ba4 22. Re2 Nd7 23. Rde1 Nf8 24. Ne3 Bc6 25. Nf1 Ne6 26. Nd2 Nf4 27.
Re3 Nxg2 28. R1e2 Nxe3 29. Rxe3 Kf7 30. f3 Rh8 31. Nf1 Rh3 32. Kg2 Rdh8 33. Be1
g5 34. Bg3 g4 35. Nd2 g5 36. Ne4 gxf3+ 37. Rxf3 Bxe4 38. dxe4 Ke6 39. Ra3 R3h7
40. Rd3 Rd7 41. Rd5 Rxd5 42. cxd5+ Kd6 43. Kf3 c4 44. Kg4 Ke7 45. c3 Rc8 46.
Kf5 Kf7 47. h4 Rh8 48. hxg5 Rh5
0-1

[Event "Bergens SK Høstturnering 2023"]
[Site "Bergens Schakklub"]
[Date "2023.09.12"]
[Round "2"]
[White "Manne, Per Erik"]
[Black "Ingebrigtsen, Ruben"]
[Result "1-0"]
[WhiteElo "2175"]
[BlackElo "1509"]
[PlyCount "87"]
[EventDate "2023.??.??"]

1. d4 Nf6 2. Nf3 g6 3. c4 Bg7 4. Nc3 d5 5. cxd5 Nxd5 6. Bd2 O-O 7. e4 Nxc3 8.
Bxc3 Bg4 9. Be2 c5 10. d5 Bxc3+ 11. bxc3 Qa5 12. Qb3 Nd7 13. O-O Bxf3 14. Bxf3
b5 15. a4 b4 16. Rfc1 Ne5 17. Be2 Rab8 18. cxb4 cxb4 19. f4 Nd7 20. Bb5 Nf6 21.
Qe3 Rfc8 22. Bc6 b3 23. Rab1 Qb4 24. Rc3 b2 25. Rc2 Ng4 26. Qe2 Qd4+ 27. Kh1
Nf6 28. Rc4 Qb6 29. e5 Nh5 30. f5 Ng7 31. fxg6 hxg6 32. Rc2 Qd4 33. Rcxb2 Rxb2
34. Qxb2 Qxb2 35. Rxb2 e6 36. Kg1 Nf5 37. d6 Kf8 38. Bd7 Rc1+ 39. Kf2 Rc5 40.
Rb8+ Kg7 41. Be8 Rc2+ 42. Kf3 Nd4+ 43. Ke4 Rc4 44. Kd3
1-0

[Event "Bergens SK Høstturnering 2023"]
[Site "Bergens Schakklub"]
[Date "2023.09.12"]
[Round "2"]
[White "Selbekk, Vebjørn"]
[Black "Morken, Antonio Enehaug"]
[Result "1-0"]
[WhiteElo "1871"]
[BlackElo "1313"]
[PlyCount "70"]
[EventDate "2023.??.??"]

1. d4 d5 2. e3 Nf6 3. Bd3 g6 4. f4 Bg7 5. Nf3 Bg4 6. h3 Bxf3 7. Qxf3 e6 8. c4
O-O 9. Nc3 c6 10. O-O a5 11. c5 Nbd7 12. Bd2 b5 13. cxb6 Nxb6 14. Rac1 Qe7 15.
Rc2 Rfc8 16. Rfc1 c5 17. dxc5 Rxc5 18. Nb5 Ne4 19. Bxe4 Rxb5 20. Bd3 Rxb2 21.
Rxb2 Bxb2 22. Rc6 Qb7 23. Rc2 Bf6 24. Qd1 Na4 25. Qc1 Qb6 26. Qa3 Nb2 27. Bf1
Nc4 28. Bxc4 dxc4 29. Rxc4 Qb1+ 30. Rc1 Qb2 31. Qxb2 Bxb2 32. Rb1 Bf6 33. a4
Kf8 34. Rb7 Be7 35. Kf2 Rd8
1-0

[Event "Bergens SK Høstturnering 2023"]
[Site "Bergens Schakklub"]
[Date "2023.09.19"]
[Round "3"]
[White "Larsen, Stig Børje"]
[Black "Engelsen, Teodor Tenfjord"]
[Result "1/2-1/2"]
[WhiteElo "1688"]
[BlackElo "1885"]
[PlyCount "132"]
[EventDate "2023.??.??"]

1. d4 Nf6 2. Nc3 d5 3. Bf4 e6 4. a3 Bd6 5. e3 O-O 6. Nf3 b6 7. Ne5 Bb7 8. Be2
Nbd7 9. O-O Ne4 10. Nxd7 Nxc3 11. bxc3 Qxd7 12. Bg3 c5 13. f4 Bc6 14. Be1 Bb5
15. Bd3 Bxd3 16. cxd3 f5 17. Bh4 Rac8 18. Qb3 c4 19. Qb1 cxd3 20. Qxd3 Qc6 21.
Rfc1 Qc4 22. Qd1 Rc7 23. Be1 Rfc8 24. Kf2 g6 25. Rcb1 Be7 26. a4 Rb8 27. Qe2
Kf7 28. Qxc4 Rxc4 29. Ke2 Ke8 30. Kd3 Kd7 31. Rb3 Kc6 32. Bd2 Bd6 33. Be1 Be7
34. Bd2 h6 35. Be1 Rg8 36. Rb2 Rc8 37. g3 Rg8 38. Re2 g5 39. Rb2 g4 40. Bd2 Rb8
41. Rb3 h5 42. Be1 Rh8 43. Rb2 Rc8 44. Raa2 Rh8 45. h4 Rb8 46. Bd2 Bd6 47. Be1
Kd7 48. Bd2 Kc7 49. Be1 Bf8 50. Bd2 Kc6 51. Be1 Rb7 52. Bd2 Bd6 53. Be1 a6 54.
Bd2 Rb8 55. Be1 Be7 56. Bd2 Kc7 57. Be1 Rc6 58. Rb3 Rb7 59. Rab2 Bd6 60. Bd2
Kb8 61. Be1 Ka7 62. Ra2 Rc4 63. Bd2 Rc8 64. Be1 Kb8 65. Bd2 Rc4 66. Be1 Kc7
1/2-1/2

[Event "Bergens SK Høstturnering 2023"]
[Site "Bergens Schakklub"]
[Date "2023.09.19"]
[Round "3"]
[White "Fossheim, Yngve Götestam"]
[Black "Bjarnason, Snorri Vikanes"]
[Result "1-0"]
[WhiteElo "2018"]
[BlackElo "1739"]
[PlyCount "83"]
[EventDate "2023.??.??"]

1. d4 d5 2. Bg5 f6 3. Bf4 c5 4. c3 Nc6 5. e3 e5 6. Bg3 Qb6 7. b3 h5 8. dxc5
Bxc5 9. h4 Be6 10. b4 Be7 11. Nf3 Nh6 12. a3 Nf5 13. Bh2 Rd8 14. Nbd2 e4 15.
Nd4 Ncxd4 16. cxd4 Nxh4 17. Rc1 Rc8 18. Rxc8+ Bxc8 19. Bg3 Nf5 20. Rxh5 Rxh5
21. Qxh5+ Kf8 22. Qh8+ Kf7 23. Qxc8 Nxg3 24. fxg3 a5 25. Qd7 Qd6 26. Qxd6 Bxd6
27. bxa5 Bxg3+ 28. Kd1 Bd6 29. a4 Bc7 30. a6 bxa6 31. Bxa6 f5 32. Bb7 Ke6 33.
Bc8+ Kf6 34. Nb3 g5 35. a5 f4 36. exf4 gxf4 37. Kd2 Ke7 38. Bb7 Kd6 39. Kc3 e3
40. Kd3 Bd8 41. a6 Bb6 42. Nc1
1-0

[Event "Bergens SK Høstturnering 2023"]
[Site "Bergens Schakklub"]
[Date "2023.09.19"]
[Round "3"]
[White "Christoffersen, Odd"]
[Black "Flaten, Siver"]
[Result "1/2-1/2"]
[WhiteElo "1505"]
[BlackElo "1502"]
[PlyCount "65"]
[EventDate "2023.??.??"]

1. e4 c5 2. Nf3 d6 3. d4 cxd4 4. Nxd4 Nf6 5. Nc3 g6 6. Be2 Bg7 7. O-O O-O 8.
Be3 Nc6 9. Nb3 Be6 10. f4 Qd7 11. h3 Bxb3 12. axb3 e6 13. Bf3 Rfd8 14. Qe2 d5
15. exd5 Nxd5 16. Nxd5 exd5 17. Rad1 d4 18. Bd2 d3 19. Qxd3 Qxd3 20. cxd3 Rxd3
21. Bc3 Rad8 22. Rxd3 Rxd3 23. Rd1 Rxd1+ 24. Bxd1 Ne7 25. Bf3 b6 26. Kf2 Nf5
27. Bd5 Kf8 28. Ke2 Ke7 29. g4 Nd4+ 30. Kd3 Ne6 31. Bxe6 Bxc3 32. Bxf7 Bxb2 33.
Bc4
1/2-1/2

[Event "Bergens SK Høstturnering 2023"]
[Site "Bergens Schakklub"]
[Date "2023.09.19"]
[Round "3"]
[White "Ingebrigtsen, Ruben"]
[Black "Myny, Sigur H"]
[Result "0-1"]
[WhiteElo "1509"]
[BlackElo "1629"]
[PlyCount "96"]
[EventDate "2023.??.??"]

1. e4 c6 2. d4 d5 3. Nc3 dxe4 4. Nxe4 Bf5 5. Ng3 Bg6 6. N1e2 e6 7. Nf4 Bd6 8.
c3 Qc7 9. Qf3 Nd7 10. Bc4 Ngf6 11. Bxe6 fxe6 12. Nxe6 Bxg3 13. Nxc7+ Bxc7 14.
Qe2+ Kf7 15. O-O Rhe8 16. Be3 Kg8 17. h3 Nd5 18. Qd2 N7b6 19. b3 Nxe3 20. fxe3
Nd5 21. Rae1 Bg3 22. Rc1 Rxe3 23. c4 Rd3 24. Qg5 Nf6 25. Rf3 Rxf3 26. gxf3 Nh5
27. Rc3 Bf4 28. Qg2 Re8 29. d5 Ng3 30. Qb2 Ne2+ 31. Kf1 Bf5 32. Qxe2 Bxh3+ 33.
Ke1 Rxe2+ 34. Kxe2 cxd5 35. cxd5 Bf5 36. Rc4 Bd6 37. Ke3 Kf7 38. Ra4 g5 39. Kd4
a6 40. Rc4 h5 41. Rc1 h4 42. b4 h3 43. a4 h2 44. b5 axb5 45. axb5 Bh3 46. Rh1
Bg2 47. Rxh2 Bxh2 48. Kc5 Bxf3
0-1

[Event "Bergens SK Høstturnering 2023"]
[Site "Bergens Schakklub"]
[Date "2023.09.26"]
[Round "4"]
[White "Flaten, Siver"]
[Black "Larsen, Stig Børje"]
[Result "1-0"]
[WhiteElo "1502"]
[BlackElo "1688"]
[PlyCount "55"]
[EventDate "2023.??.??"]

1. e4 g6 2. d4 Bg7 3. Nc3 c5 4. Nf3 cxd4 5. Nxd4 Nc6 6. Be3 Nf6 7. f3 O-O 8.
Qd2 d6 9. O-O-O Nxd4 10. Bxd4 Qa5 11. Kb1 Re8 12. Nb5 Qd8 13. Nxa7 Bd7 14. Qb4
Qb8 15. Nb5 Rc8 16. Bc4 Be6 17. Bxe6 fxe6 18. Qb3 Kf7 19. Rhe1 Ra6 20. e5 Nd5
21. exd6 Bxd4 22. Rxd4 exd6 23. Rxe6 Kxe6 24. Qxd5+ Kd7 25. Qf7+ Kc6 26. Nxd6
Rd8 27. Qd5+ Kb6 28. Rb4+
1-0

[Event "Bergens SK Høstturnering 2023"]
[Site "Bergens Schakklub"]
[Date "2023.09.26"]
[Round "4"]
[White "Myny, Sigur H"]
[Black "Fossheim, Yngve Götestam"]
[Result "0-1"]
[WhiteElo "1629"]
[BlackElo "2018"]
[PlyCount "56"]
[EventDate "2023.??.??"]

1. c4 Nf6 2. g3 c6 3. Bg2 e5 4. d4 e4 5. Nc3 d5 6. Bg5 Bb4 7. Qb3 Bxc3+ 8. bxc3
Nbd7 9. cxd5 cxd5 10. c4 dxc4 11. Qxc4 h6 12. Bd2 Nb6 13. Qb5+ Bd7 14. Qe5+ Be6
15. Bb4 Nbd5 16. Qd6 Qxd6 17. Bxd6 Kd7 18. Be5 Rhe8 19. Nh3 g5 20. f4 Ne3 21.
Bxf6 Nxg2+ 22. Kf2 Bxh3 23. fxg5 hxg5 24. Rhc1 g4 25. e3 Ke6 26. Be5 b6 27. Bc7
Kd7 28. Be5 f6
0-1

[Event "Bergens SK Høstturnering 2023"]
[Site "Bergens Schakklub"]
[Date "2023.09.26"]
[Round "4"]
[White "Bjarnason, Snorri Vikanes"]
[Black "Manne, Per Erik"]
[Result "0-1"]
[WhiteElo "1739"]
[BlackElo "2175"]
[PlyCount "83"]
[EventDate "2023.??.??"]

1. Nf3 Nf6 2. g3 g6 3. Bg2 Bg7 4. O-O O-O 5. Re1 d5 6. c4 d4 7. b4 a5 8. Bb2
axb4 9. Bxd4 c5 10. Bb2 Nc6 11. a3 Qb6 12. axb4 Rxa1 13. Bxa1 Nxb4 14. Nc3 Rd8
15. d3 Ne8 16. Qb3 Nd6 17. Na4 Qc7 18. Bxg7 Kxg7 19. d4 b6 20. e4 Bd7 21. e5
Nb7 22. e6 Bxe6 23. Rxe6 fxe6 24. Ng5 Rd6 25. Qf3 Nd8 26. Qa3 Rxd4 27. Nf3 e5
28. Nb2 Qd6 29. h4 Nf7 30. h5 Qf6 31. Nxd4 exd4 32. Qb3 gxh5 33. Nd3 Nxd3 34.
Qxd3 Nd6 35. Qe2 Kf8 36. Bd5 Qf5 37. Qd2 Kg7 38. Qe2 e5 39. f3 Kf6 40. Qd2 Qg5
41. Qf2 Nf5 42. Kg2
0-1

[Event "Bergens SK Høstturnering 2023"]
[Site "Bergens Schakklub"]
[Date "2023.09.26"]
[Round "4"]
[White "Agustsson, Hafsteinn"]
[Black "Christoffersen, Odd"]
[Result "1-0"]
[WhiteElo "1749"]
[BlackElo "1505"]
[PlyCount "87"]
[EventDate "2023.??.??"]

1. e4 e5 2. Nf3 Nf6 3. Nxe5 d6 4. Nf3 Nxe4 5. Qe2 Qe7 6. d3 Nc5 7. Nc3 Qxe2+ 8.
Bxe2 c6 9. d4 Nca6 10. d5 Nb4 11. Nd4 Nxd5 12. Nxd5 cxd5 13. Nb5 Na6 14. Bf4
Be6 15. Bxd6 Kd7 16. Be5 f6 17. Bc3 Bb4 18. O-O-O Bxc3 19. Nxc3 Nc7 20. Rhe1
Rad8 21. Bf3 Kc8 22. Rd4 Rd7 23. a4 a6 24. b4 Kb8 25. Ne2 Rhd8 26. Nf4 Bg8 27.
Bg4 Rd6 28. Red1 Re8 29. c4 Re5 30. Bf3 Rc6 31. Nd3 Re7 32. Nf4 Rxc4+ 33. Rxc4
dxc4 34. Rd8+ Ka7 35. Rxg8 g5 36. Nd5 Nxd5 37. Bxd5 Rd7 38. Be4 h5 39. Rh8 h4
40. Rh7 Rxh7 41. Bxh7 a5 42. b5 Kb6 43. Kd2 Kc5 44. Kc3
1-0

[Event "Bergens SK Høstturnering 2023"]
[Site "Bergens Schakklub"]
[Date "2023.09.26"]
[Round "4"]
[White "Ingebrigtsen, Ruben"]
[Black "Helgøy, Håkon Hembre"]
[Result "0-1"]
[WhiteElo "1509"]
[BlackElo "1620"]
[PlyCount "80"]
[EventDate "2023.??.??"]

1. d4 Nf6 2. c4 e6 3. Nf3 c5 4. d5 d6 5. Nc3 exd5 6. cxd5 g6 7. Bg5 Bg7 8. e4
O-O 9. Be2 Bg4 10. Nd2 Bxe2 11. Qxe2 Re8 12. O-O Nbd7 13. f4 a6 14. a4 Qc7 15.
Qf3 Rab8 16. a5 b5 17. axb6 Rxb6 18. Nc4 Rb4 19. Qd3 Ng4 20. Rxa6 Bd4+ 21. Kh1
Nf2+ 22. Rxf2 Bxf2 23. Nd1 Bd4 24. Nxd6 Reb8 25. h4 Nb6 26. e5 Qd7 27. Qf3 Nc8
28. Ne4 Qb7 29. Rc6 Rb3 30. Ndc3 Ne7 31. Qg4 Rxc3 32. bxc3 Qb1+ 33. Kh2 Qg1+
34. Kh3 Qh1+ 35. Kg3 Nf5+ 36. Qxf5 gxf5 37. Nf6+ Kh8 38. Nd7 Qe1+ 39. Kh3 Bf2
40. Bf6+ Kg8
0-1

[Event "Bergens SK Høstturnering 2023"]
[Site "Bergens Schakklub"]
[Date "2023.10.03"]
[Round "5"]
[White "Larsen, Stig Børje"]
[Black "Krbacevic, Mateja"]
[Result "1-0"]
[WhiteElo "1688"]
[BlackElo "1577"]
[PlyCount "61"]
[EventDate "2023.??.??"]

1. d4 d5 2. Nc3 Nf6 3. Bf4 c6 4. e3 Bf5 5. Nf3 Nbd7 6. Ne5 Nxe5 7. Bxe5 Nd7 8.
Bg3 e6 9. Bd3 Bxd3 10. cxd3 Nb6 11. O-O h5 12. f4 h4 13. Be1 h3 14. g4 Qf6 15.
Bg3 Bd6 16. Qf3 O-O-O 17. Rac1 Kb8 18. a4 Nc8 19. a5 a6 20. Na4 Rhg8 21. f5
exf5 22. Bxd6+ Nxd6 23. Qg3 Qg5 24. Rxf5 Qg6 25. Nc5 Rge8 26. Re5 Rxe5 27. dxe5
Ne8 28. Rc3 Nc7 29. e6 fxe6 30. Rb3 Qf7 31. Nxb7
1-0

[Event "Bergens SK Høstturnering 2023"]
[Site "Bergens Schakklub"]
[Date "2023.10.03"]
[Round "5"]
[White "Fossheim, Yngve Götestam"]
[Black "Agustsson, Hafsteinn"]
[Result "1-0"]
[WhiteElo "2018"]
[BlackElo "1749"]
[PlyCount "115"]
[EventDate "2023.??.??"]

1. e4 c5 2. Nc3 Nc6 3. Nf3 e5 4. Bc4 h6 5. g4 d6 6. h3 Be6 7. d3 Be7 8. Be3 a6
9. a4 Nd4 10. Bxd4 exd4 11. Nd5 Nf6 12. Qe2 Qa5+ 13. Qd2 Qxd2+ 14. Nxd2 Bxd5
15. Bxd5 Nxd5 16. exd5 Bg5 17. Nc4 Bf4 18. O-O O-O-O 19. a5 Rhe8 20. Rfe1 Kd7
21. Kg2 Rxe1 22. Nb6+ Ke7 23. Rxe1+ Kf6 24. Re4 g5 25. h4 Bd2 26. Nc4 Bf4 27.
h5 Bc1 28. Re1 Bf4 29. Kf3 Rf8 30. Re4 Rd8 31. Kg2 Bc1 32. Kg1 Bf4 33. Kf1 Be5
34. Ke2 Rd7 35. Kd1 Re7 36. Kc1 Bf4+ 37. Kb1 Rxe4 38. dxe4 Ke7 39. Ka2 Kd7 40.
Kb3 Kc7 41. Ka4 Bc1 42. b3 Bf4 43. Nb2 Be5 44. Nd3 f6 45. Ka3 Kd7 46. Kb2 Kc7
47. Kc1 Kd7 48. Kd2 Kc7 49. Ke2 Kd7 50. Nb2 Kc7 51. Kd3 b5 52. axb6+ Kxb6 53.
Kc4 Ka5 54. Nd3 Kb6 55. b4 cxb4 56. Nxb4 a5 57. Nc6 Bh2 58. Nxd4
1-0

[Event "Bergens SK Høstturnering 2023"]
[Site "Bergens Schakklub"]
[Date "2023.10.03"]
[Round "5"]
[White "Myny, Sigur H"]
[Black "Bjarnason, Snorri Vikanes"]
[Result "0-1"]
[WhiteElo "1629"]
[BlackElo "1739"]
[PlyCount "96"]
[EventDate "2023.??.??"]

1. c4 c5 2. g3 Nf6 3. Bg2 d5 4. cxd5 Nxd5 5. Nc3 Nc7 6. Nf3 Nc6 7. d3 g6 8. O-O
Bg7 9. Qc2 O-O 10. a3 b6 11. Rb1 Bb7 12. b4 cxb4 13. axb4 Rc8 14. Bd2 Ne6 15.
Rfc1 Ncd4 16. Nxd4 Nxd4 17. Qd1 Bxg2 18. Kxg2 Qd7 19. Kg1 Rc7 20. e3 Ne6 21. d4
Rfc8 22. Qa4 Qd6 23. Qb5 f5 24. h4 Rc4 25. Ne2 Rxc1+ 26. Rxc1 Rxc1+ 27. Nxc1 h6
28. Nd3 Nc7 29. Qc4+ Kh7 30. Nf4 g5 31. hxg5 hxg5 32. Nh5 Kg6 33. Nxg7 Kxg7 34.
Qd3 Qd5 35. g4 e6 36. gxf5 exf5 37. e4 fxe4 38. Qg3 Ne6 39. Be3 a5 40. Qb8 axb4
41. Qxb6 b3 42. Qb4 Kf6 43. Qb8 Kf5 44. Kh2 Nxd4 45. Qf8+ Kg4 46. Qh8 Nf3+ 47.
Kg2 Nh4+ 48. Kh2 Qd6+
0-1

[Event "Bergens SK Høstturnering 2023"]
[Site "Bergens Schakklub"]
[Date "2023.10.03"]
[Round "5"]
[White "Christoffersen, Odd"]
[Black "Ingebrigtsen, Ruben"]
[Result "1/2-1/2"]
[WhiteElo "1505"]
[BlackElo "1509"]
[PlyCount "90"]
[EventDate "2023.??.??"]

1. e4 c6 2. d4 d5 3. exd5 cxd5 4. Bd3 Nf6 5. Nf3 Bg4 6. h3 Bxf3 7. Qxf3 Nc6 8.
c3 g6 9. O-O Bg7 10. Re1 O-O 11. Bf4 a6 12. Nd2 Rc8 13. Qe2 b5 14. a3 Re8 15.
Nf3 Nd7 16. a4 e5 17. dxe5 Ncxe5 18. Nxe5 Nxe5 19. axb5 Nxd3 20. Qxd3 Rxe1+ 21.
Rxe1 axb5 22. Rd1 b4 23. cxb4 Qb6 24. Qxd5 Qxb4 25. Qd8+ Qf8 26. Qxf8+ Bxf8 27.
Be3 Be7 28. Rc1 Rb8 29. Rc2 Bf6 30. Bc1 Kg7 31. Kf1 h5 32. Ke1 Rb4 33. Kd1 g5
34. Re2 g4 35. hxg4 hxg4 36. Kc2 Rc4+ 37. Kb1 Kg6 38. Be3 Re4 39. g3 Be5 40.
Re1 f5 41. Rc1 Rb4 42. Rc2 Kf7 43. Bc5 Ra4 44. Re2 Kf6 45. Ba3 f4
1/2-1/2

[Event "Bergens SK Høstturnering 2023"]
[Site "Bergens Schakklub"]
[Date "2023.10.03"]
[Round "5"]
[White "Helgøy, Håkon Hembre"]
[Black "Flaten, Siver"]
[Result "1-0"]
[WhiteElo "1620"]
[BlackElo "1502"]
[PlyCount "37"]
[EventDate "2023.??.??"]

1. e4 c5 2. d4 cxd4 3. c3 dxc3 4. Nxc3 Nc6 5. Nf3 g6 6. Bc4 Bg7 7. e5 Qc7 8.
Nb5 Qb8 9. O-O a6 10. Nd6+ exd6 11. exd6 Nh6 12. Re1+ Kf8 13. Bxh6 Bxh6 14. Qd5
Nd8 15. Qe5 Kg8 16. Qf6 b5 17. Re8+ Bf8 18. Rxf8+ Kxf8 19. Qxh8#
1-0